| 000 | 00921nam a22003137a 4500 | ||
|---|---|---|---|
| 003 | CHAP | ||
| 005 | 20220329135824.0 | ||
| 008 | 971013s1979 r 00010 d | ||
| 010 | _a42827 | ||
| 011 | _a43799 | ||
| 035 | _a47936 | ||
| 040 | _cCHAP | ||
| 082 |
_a575.1 _bE8 |
||
| 100 | 0 | 0 |
_aEwens, Warren John. _939017 |
| 245 | _aMathematical populations genetics | ||
| 260 |
_aBerlin : _bSpringer-Verlag, _c1979 |
||
| 300 |
_a325 p. _b; gráfs. |
||
| 490 |
_aBiomathematics _v; 9 |
||
| 590 |
_aBATCH-UPD _b10 _c20130110 _lUCH01 _h1817 |
||
| 590 |
_aBATCH-UPD _b10 _c20130410 _lUCH01 _h1151 |
||
| 590 |
_aBATCH-UPD _b10 _c20130914 _lUCH01 _h1535 |
||
| 590 |
_aCONVERSION _b10 _c20130109 _lUCH01 _h1324 |
||
| 650 | 1 | 4 |
_aGenética. _947469 |
| 650 | 1 | 4 |
_aPoblación. _989360 |
| 830 | 0 |
_aBiomathematics _v; 9 _912829 |
|
| 901 | _aBK | ||
| 942 | _cLIBRO | ||
| 949 |
_a575.1 E8 _bBC _cLIBRO _d33724000157707 _eLIBRO _h54724 _i47936 _si |
||
| 999 |
_c42827 _d42827 |
||